| 000 | 01205nam0a22002531 4500 | ||
|---|---|---|---|
| 001 | rc\3549709 | ||
| 005 | 20250610035205.0 | ||
| 021 |
_aRU _b[73-73492] |
||
| 035 | _a(NLR Aleph) 007674431 | ||
| 090 |
_a6469946 _c6469946 |
||
| 100 | _a20130115d1973 |||y0rusy50 ca | ||
| 101 | 0 | _arus | |
| 102 | _aRU | ||
| 105 | _ay z ||||| | ||
| 200 | 1 |
_aТезисы докладов Всесоюзной научной конференции по электроприводам с линейными электродвигателями. (Киев, октябрь 1973 г.) _fМ-во высш. и сред. спец. образования УССР. Киев. политехн. ин-т им. 50-летия Великой Октябрьской соц. революции |
|
| 210 |
_aКиев _cБ. и. _d1973 |
||
| 215 |
_a158 с. _d20 |
||
| 606 |
_aЭлектроприводы _jТезисы докладов _2psbo |
||
| 710 | 1 | 2 | _aВсесоюзная науч. конференция по электроприводам с линейными электродвигателями (1973; Киев) |
| 801 | 0 |
_aRU _bNLR _gpsbo |
|
| 801 | 1 |
_aRU _bELAR _2rusmarc |
|
| 852 |
_aNLR _j73-3/6792 |
||
| 942 | _cBOOK | ||
| 980 | _aNB | ||